01165 a2200205 450000100060000002000180000602000130002404100080003708200100004510000220005525000100007752006550008752100110074285600240075304000250077724500650080226000270086730000370089470000280093146369 a9788532244802 q(broch.) apor a028.5 aBelinky, Tatiana. a. ed. aCerto dia os bichos resolveram formar um coral. A ideia agradou a todos e logo o inteligente Macaco foi nomeado o grande regente. Mas, como em todo coral, é preciso definir o lugar de cada um... Essa fábula poética mostra o excesso de vaidade de cada bicho (e como não lembrar das pessoas?), impedindo a realização de um projeto coletivo desejado por todos. A cada estrofe redescobrimos o universo criativo dessa consagrada escritora que, nas vozes dos animais, permite uma reflexão ética sobre as atitudes por eles tomadas e suas consequências. O ritmo dos versos embala a leitura, e os fatos cheios de humor prendem a atenção. aYear 2 u00000f/00000f5c.jpg aBR-BrIDEAcBR-BrIDEA10aCoral dos bichoscTatiana Belinky ; ilustrações de Jotah aSão PaulobFTDc2000 a[32] p.bil.e23.4 x 17.6 x 1 cm aJotahd1961eilustrador